000 00436nam a2200181Ia 4500
005 20240823054548.0
008 240823s9999||||xx |||||||||||||| ||und||
041 _aENGLISH
082 _A005.1 Q7
100 _aVinayagamoorthy M S
245 0 _aSoftware Engineering
250 _a15th
260 _c2015
_bA R Publica
500 _aYES
650 _aSoftware Engineering
_bComputer Science
700 _a sudha R.
942 _cBK
999 _c226741
_d226741